Història urbana del pla de Barcelona : Volum 1 : actes del II Congrés d'Història del Pla de Barcelona celebrat a l'Institut Municipal d'Història els dies 6 i 7 de desembre de 1985 / presentació de Anna Maria Adroer i Tasis Volum 1 :
MARC
| LEADER | 00000nam a2200000Ia 4500 | ||
|---|---|---|---|
| 001 | 11305 | ||
| 003 | BGR | ||
| 005 | 20260324175616.0 | ||
| 008 | 160829s1989 xx 000 0 cat d | ||
| 080 | |a H-1-86 | ||
| 111 | |a Congrés d'Història del Pla de Barcelona |9 71134 |c (Barcelona | ||
| 245 | |a Història urbana del pla de Barcelona : |b Volum 1 : |b actes del II Congrés d'Història del Pla de Barcelona celebrat a l'Institut Municipal d'Història els dies 6 i 7 de desembre de 1985 / presentació de Anna Maria Adroer i Tasis | ||
| 260 | |a Barcelona : |b Ajuntament de Barcelona, Institut Municipal d'Història, |c 1989 | ||
| 300 | |a 512 p. ; |c 24 cm | ||
| 650 | |a Barcelona |x Història |x Congressos |9 34931 | ||
| 700 | |a Adroer i Tasis, Anna Maria |9 35064 | ||
| 710 | 1 | |a Barcelona (Catalunya). |b Ajuntament |9 50981 | |
| 710 | 1 | |a Institut Municipal d'Història (Barcelona) |9 70960 | |
| 901 | |a Arxiu | ||
| 942 | |n 1 |2 udc |c MON | ||
| 952 | |0 0 |1 0 |4 0 |6 H186 |7 1 |9 46753 |a Arxiu |b Arxiu |d 2016-12-01 |l 0 |o H-1-86 |p 11305 |r 2016-12-01 00:00:00 |w 2016-12-01 |y ARXIU | ||
| 999 | |c 50546 |d 50546 | ||